Dear God - Avenged Sevenfold - Statistics

General Stats
  • This quiz has been taken 84 times
  • The average score is 237 of 327
Answer Stats
answers % Correct
A
100%
a
100%
I
95%
to
95%
To
95%
away
93%
lonely
93%
Dear
85%
God
85%
on
85%
road,
85%
road
85%
the
85%
you
85%
you,
85%
far
83%
her
83%
I'm
83%
only
83%
thing
83%
another
80%
ask
80%
from
80%
love
80%
much
80%
no
80%
when
80%
When
80%
be,
78%
be
78%
hold
78%
is
78%
too
78%
And
75%
and
75%
around
75%
crossed
75%
line
75%
can
73%
not
73%
of
73%
oh
73%
who
73%
again
70%
all
70%
'Cause
70%
me
70%
Miles
70%
need
70%
person
70%
that
70%
We
70%
cold
68%
Cold
68%
miss
68%
missing
68%
Once
68%
state
68%
stay
68%
those
68%
tired
68%
left
65%
now
65%
true
65%
wish
65%
yeah
65%
found
63%
I'd
63%
in,
63%
purpose
63%
some
63%
Some
63%
but
60%
But
60%
here
60%
there
60%
where
58%
for
55%
stayed
55%
are
53%
Can't
53%
help
53%
one
53%
recall
53%
this
53%
times
53%
was
53%
While
53%
while
53%
With
53%
words
53%
nothing
50%
spoke
50%
There's
50%
think
50%
had
48%
something
48%
told
48%
closed
45%
fade
45%
gave
45%
hope
45%
I've
45%
never
45%
selfish
45%
someone
45%
way
45%
begins
43%
city
43%
how
43%
long,
43%
shops
43%
sleeps
43%
they
43%
through,
43%
ways
43%
memories
40%
search,
40%
barren
38%
finding
38%
have
38%
Pictures
38%
waste
38%
Before
33%
will
33%
undefined
30%
No matching quizzes found
Score Distribution
Percent of People with Each Score
Percentile by Number Answered
Your Score History
You have not taken this quiz